| 000 | 00773cam a2200289 i 4500 | ||
|---|---|---|---|
| 001 | 1791318 | ||
| 003 | OSt | ||
| 005 | 20140310182220.0 | ||
| 008 | 780414s1978 nyu j 000 1 eng | ||
| 010 | _a 78007909 | ||
| 020 | _a014037969 | ||
| 040 |
_aDLC _cDLC _dDLC |
||
| 042 | _alcac | ||
| 050 | 0 | 0 |
_aPZ 7 _b.P338 1978 |
| 082 | 0 | 0 |
_aFIC _bP33f 1978 |
| 100 | 1 |
_aPeck, Richard _d1934- _917306 |
|
| 245 | 1 | 0 |
_aFather figure / _cRichard Peck. |
| 250 | _a1st ed. | ||
| 260 |
_aNew York : _bViking Press, _cc1978. |
||
| 300 |
_a192 p. : _c22 cm. |
||
| 650 | 1 |
_aBrothers and sisters _xFiction. _917307 |
|
| 650 | 1 |
_aFathers and sons _xFiction. _917308 |
|
| 906 |
_a7 _bcbc _corignew _d1 _eocip _f19 _gy-gencatlg |
||
| 942 |
_2lcc _cBK-FIC |
||
| 999 |
_c10694 _d10694 |
||